[Event "Muensterland Verbandsklasse 1920"]
[Site "Germany"]
[Date "2020.02.29"]
[Round "7.5"]
[White "Winzenhoerlein, Thomas"]
[Black "Haves, Daniel"]
[Result "1/2-1/2"]
[WhiteElo "1789"]
[BlackElo "1640"]
[PlyCount "45"]
[EventDate "2019.09.14"]
[EventType "team-tourn"]
[EventRounds "7"]
[EventCountry "GER"]
[SourceTitle "EXT 2023"]
[Source "ChessBase"]
[SourceDate "2022.10.05"]
[SourceVersion "1"]
[SourceVersionDate "2022.10.05"]
[SourceQuality "1"]
[WhiteTeam "Heiden"]
[BlackTeam "Hiltrup"]
[WhiteTeamCountry "GER"]
[BlackTeamCountry "GER"]

1. f4 f5 2. e4 fxe4 3. d3 exd3 4. Bxd3 Nf6 5. Nf3 d5 6. Nc3 e6 7. 0-0 Bc5+ 8. Kh1 0-0 9. Qe1 Qe8 10. Bd2 Nc6 11. a3 a6 12. b4 Bd6 13. Qh4 Qh5 14. Qxh5 Nxh5 15. g3 Nf6 16. Rfe1 Bd7 17. Re2 Rae8 18. Rae1 h6 19. Nd1 b5 20. Kg2 Nd8 21. c3 Nb7 22. Nf2 c5 23. h3 1/2-1/2

[Event "Muensterland Verbandsklasse 1718"]
[Site "Germany"]
[Date "2018.03.10"]
[Round "7.7"]
[White "Schlattmann, Martin"]
[Black "Haves, Daniel"]
[Result "1/2-1/2"]
[WhiteElo "1750"]
[BlackElo "1580"]
[PlyCount "41"]
[EventDate "2017.09.16"]
[EventType "team-tourn"]
[EventRounds "9"]
[EventCountry "GER"]
[SourceTitle "EXT 2019"]
[Source "ChessBase"]
[SourceDate "2018.10.10"]
[SourceVersion "1"]
[SourceVersionDate "2018.10.10"]
[SourceQuality "1"]
[WhiteTeam "Stadtlohn"]
[BlackTeam "Hiltrup"]
[WhiteTeamCountry "GER"]
[BlackTeamCountry "GER"]

1. d4 d6 2. Nf3 Nd7 3. e4 Ngf6 4. Bd3 e5 5. c3 Be7 6. 0-0 0-0 7. h3 c6 8. Qc2 Qc7 9. Bg5 Re8 10. Nbd2 Nf8 11. Nc4 Ng6 12. Rae1 b5 13. Ncd2 h6 14. Be3 a6 15. Nh2 Nh5 16. Be2 Nhf4 17. Bg4 h5 18. Bf5 Nh4 19. Bxf4 exf4 20. Nhf3 Nxf5 21. exf5 1/2-1/2

[Event "Muensterland Verbandsklasse 1718"]
[Site "Germany"]
[Date "2017.10.14"]
[Round "2.7"]
[White "Haves, Daniel"]
[Black "Willermann, Norbert"]
[Result "1-0"]
[WhiteElo "1580"]
[BlackElo "1621"]
[PlyCount "34"]
[EventDate "2017.09.16"]
[EventType "team-tourn"]
[EventRounds "9"]
[EventCountry "GER"]
[SourceTitle "EXT 2019"]
[Source "ChessBase"]
[SourceDate "2018.10.10"]
[SourceVersion "1"]
[SourceVersionDate "2018.10.10"]
[SourceQuality "1"]
[WhiteTeam "Hiltrup"]
[BlackTeam "Emsdetten Rochade III"]
[WhiteTeamCountry "GER"]
[BlackTeamCountry "GER"]

1. f4 c5 2. e4 Nc6 3. Nf3 d6 4. Be2 g6 5. c3 Bg7 6. d4 cxd4 7. cxd4 Qb6 8. e5 dxe5 9. fxe5 Bg4 10. Be3 Nxe5 11. Nxe5 Bxe5 12. Bxg4 Qxb2 13. 0-0 Qxa1 14. Qa4+ Kf8 15. dxe5 Qb2 16. Qc4 f6 17. Bd4 Qa3 1-0